| 000 | 01138nam a22003137a 4500 | ||
|---|---|---|---|
| 003 | CHAP | ||
| 005 | 20220329134320.0 | ||
| 008 | 971013s1975 r 00010 d | ||
| 010 | _a18611 | ||
| 011 | _a19583 | ||
| 035 | _a23668 | ||
| 040 | _cCHAP | ||
| 090 | _aTesis | ||
| 100 | 0 | 0 |
_aAlmada Arce, Jesus Enrique. _94466 |
| 245 | _aEstudio de las poblaciones de Heliothis virescens F. en el cañón de Huajuco, N.L., usando trampas cebadas con hembras vírgenes | ||
| 260 |
_a(Monterrey, N.L.) : _bEl autor, _c1975 |
||
| 300 |
_a54 h. _b: ilus. ; gráfs |
||
| 502 | _aTesis (M.C. Esp. en Parasitología Agrícola) -- ITESM. Div. de Ciencias Agropecuarias y Marítimas. Programa de Graduados | ||
| 590 |
_aALEPH _b10 _c20130110 _lUCH01 _h1241 |
||
| 590 |
_aBATCH-UPD _b10 _c20130110 _lUCH01 _h2027 |
||
| 590 |
_aBATCH-UPD _b10 _c20130410 _lUCH01 _h1344 |
||
| 590 |
_aBATCH-UPD _b10 _c20130914 _lUCH01 _h1046 |
||
| 590 |
_aCONVERSION _b10 _c20130109 _lUCH01 _h1311 |
||
| 650 | 1 | 4 |
_aControl biológico de plagas. _927587 |
| 650 | 1 | 4 |
_aHeliothis virescens. _953440 |
| 901 | _aBK | ||
| 942 | _cTESIS | ||
| 949 |
_bBC _cTES _d-54951 _eTS1 _i23668 _si |
||
| 999 |
_c18611 _d18611 |
||